Rapid photocatalytic degradation of phenol from water using composite nanofibers under UV; Environmental Sciences Europe; Vol. 32, iss. 1

Dettagli Bibliografici
Parent link:Environmental Sciences Europe
Vol. 32, iss. 1.— 2020.— [160, 8 p.]
Ente Autore: Национальный исследовательский Томский политехнический университет Инженерная школа природных ресурсов Отделение геологии
Altri autori: Mohamed A. Alaa, Yousef S. Samy, Nasser W. S. Walaa, Osman T. A. S. Tarek Abdel Sadek, Knebel A. Alexander, Sanchez E. P. V. Elvia P. Valadez, Mokhamed Takhid Khashim (Hashem) Abdelrazek
Riassunto:Title screen
The removal of phenol from aqueous solution via photocatalytic degradation has been recognized as an environmentally friendly technique for generating clean water. The composite nanofibers containing PAN polymer, CNT, and TiO2 NPs were successfully prepared via electrospinning method. The prepared photocatalyst is characterized by SEM, XRD, and Raman spectroscopy. Different parameters are studied such as catalyst amount, the effect of pH, phenol concentration, photodegradation mechanism, flow rate, and stability of the composite nanofiber to evaluate the highest efficiency of the photocatalyst.
Lingua:inglese
Pubblicazione: 2020
Soggetti:
Accesso online:https://doi.org/10.1186/s12302-020-00436-0
Natura: Elettronico Capitolo di libro
KOHA link:https://koha.lib.tpu.ru/cgi-bin/koha/opac-detail.pl?biblionumber=663672

MARC

LEADER 00000naa0a2200000 4500
001 663672
005 20250515095710.0
035 |a (RuTPU)RU\TPU\network\34842 
035 |a RU\TPU\network\34711 
090 |a 663672 
100 |a 20210225d2020 k||y0rusy50 ba 
101 0 |a eng 
135 |a drcn ---uucaa 
181 0 |a i  
182 0 |a b 
200 1 |a Rapid photocatalytic degradation of phenol from water using composite nanofibers under UV  |f A. Mohamed, S. Yousef, W. S. Nasser [et al.] 
203 |a Text  |c electronic 
300 |a Title screen 
320 |a [References: 39 tit.] 
330 |a The removal of phenol from aqueous solution via photocatalytic degradation has been recognized as an environmentally friendly technique for generating clean water. The composite nanofibers containing PAN polymer, CNT, and TiO2 NPs were successfully prepared via electrospinning method. The prepared photocatalyst is characterized by SEM, XRD, and Raman spectroscopy. Different parameters are studied such as catalyst amount, the effect of pH, phenol concentration, photodegradation mechanism, flow rate, and stability of the composite nanofiber to evaluate the highest efficiency of the photocatalyst. 
461 |t Environmental Sciences Europe 
463 |t Vol. 32, iss. 1  |v [160, 8 p.]  |d 2020 
610 1 |a электронный ресурс 
610 1 |a труды учёных ТПУ 
610 1 |a composite nanofibers 
610 1 |a phenol 
610 1 |a photodegradation 
610 1 |a electrospinning 
610 1 |a UV light 
701 1 |a Mohamed  |b A.  |g Alaa 
701 1 |a Yousef  |b S.  |g Samy 
701 1 |a Nasser  |b W. S.  |g Walaa 
701 1 |a Osman  |b T. A. S.  |g Tarek Abdel Sadek 
701 1 |a Knebel  |b A.  |g Alexander 
701 1 |a Sanchez  |b E. P. V.  |g Elvia P. Valadez 
701 0 |a Mokhamed Takhid Khashim (Hashem) Abdelrazek  |c chemist  |c Associate Scientist of Tomsk Polytechnic University  |f 1981-  |3 (RuTPU)RU\TPU\pers\36807  |9 19836 
712 0 2 |a Национальный исследовательский Томский политехнический университет  |b Инженерная школа природных ресурсов  |b Отделение геологии  |3 (RuTPU)RU\TPU\col\23542 
801 2 |a RU  |b 63413507  |c 20210225  |g RCR 
850 |a 63413507 
856 4 |u https://doi.org/10.1186/s12302-020-00436-0 
942 |c CF